Cary Grant Trivia - Statistics

General Stats
  • This quiz has been taken 26 times
  • The average score is 13 of 20
Answer Stats
Questions Answer % Correct
Who was Cary's main co-star in Charade? Audrey Hepburn
96%
How many children does Cary have? 1
87%
Cary's character in To Catch a Thief is a retired what? Cat burglar
87%
Who was Cary's co-star in To Catch a Thief? Grace Kelly
87%
How many times was Cary nominated for an Academy Award? 2
78%
And which actor did Cary star across from in The Philadelphia Story? James Stewart
78%
Which actress did Cary star across from in The Philadelphia Story? Katharine Hepburn
78%
What is Cary's real first name? Archibald
74%
Which director did Cary collaborate with FOUR times? Alfred Hitchcock
70%
What was Cary's character chased by in North by Northwest? Crop duster plane
70%
What animal is central in Cary's 1938 film Bringing Up Baby? Leopard
70%
What mountain does Cary's character climb in North by Northwest? Mount Rushmore
61%
What English county was Cary born in? Bristol
52%
Who was Cary's main co-star in An Affair to Remember? Deborah Kerr
52%
Which of the Marx brother's inspired Cary the most in his childhood? Zeppo
52%
Which iconic and famous costume designer did Cary often work with? Edith Head
48%
What subgenre of film is the above film? Screwball Comedy
48%
How did Cary die? Stroke
48%
What is Cary's characters name in The Philadelphia Story? C. K. Dexter Haven
26%
In what film did Cary star along with Marilyn Monroe? Monkey Business
22%
No matching quizzes found
Score Distribution
Percent of People with Each Score
Percentile by Number Answered
Your Score History
You have not taken this quiz